| 000 | 00539nam a22002057a 4500 | ||
|---|---|---|---|
| 005 | 20180906134026.0 | ||
| 008 | 180906b xxu||||| |||| 00| 0 eng d | ||
| 020 |
_a9789384396978 _cRs.250.00 |
||
| 040 | _aLoreto College | ||
| 041 | _aEnglish | ||
| 082 |
_a891.448 _bBHA |
||
| 100 | _aBhattacharya,Sanjay | ||
| 245 |
_aSmarani o sharani _cSanjay Bhattacharya;edited by Gautam Basu |
||
| 260 |
_aKolkata _bDhansiri _c2017 |
||
| 300 |
_a191p _b22cm |
||
| 650 | _aMemoir | ||
| 700 |
_4ed. _aBasu,Gautam |
||
| 850 | _aLCLIB | ||
| 942 | _cBK | ||
| 999 |
_c41782 _d92261 |
||